ՀՀ Գիտությունների ազգային ակադեմիայի հիմնարար գիտական գրադարան  =   Fundamental Scientific Library of NAS RA

Բռունցք եւ ոգի : (Record no. 152762)

MARC details
000 -LEADER
fixed length control field 00771nam a2200205 a 4500
001 - CONTROL NUMBER
control field 000402816
003 - CONTROL NUMBER IDENTIFIER
control field AM-YeHGA
005 - DATE AND TIME OF LATEST TRANSACTION
control field 20260320160622.0
008 - FIXED-LENGTH DATA ELEMENTS--GENERAL INFORMATION
fixed length control field 050114s1964 le a 000|||arm d
040 ## - CATALOGING SOURCE
Original cataloging agency AM-YeHGA
041 0# - LANGUAGE CODE
Language code of text/sound track or separate title arm
100 1# - MAIN ENTRY--PERSONAL NAME
Personal name Թոմպալեան, Յակոբ
245 10 - TITLE STATEMENT
Title Բռունցք եւ ոգի :
Remainder of title (Հայ կռփամարտիկի մը յուշերը) /
Statement of responsibility, etc. Յա. Թոմպալեան ; Առաջաբ.՝ Ա. Ծառուկեան.
260 ## - PUBLICATION, DISTRIBUTION, ETC.
Place of publication, distribution, etc. Պէյրութ :
Name of publisher, distributor, etc. տպ. Սեւան,
Date of publication, distribution, etc. 1964.
300 ## - PHYSICAL DESCRIPTION
Extent 152 էջ :
Other physical details լուսանկ. ;
Dimensions 22 սմ.
650 14 - SUBJECT ADDED ENTRY--TOPICAL TERM
Topical term or geographic name entry element Սպորտ
General subdivision Բռնցքամարտ
650 14 - SUBJECT ADDED ENTRY--TOPICAL TERM
Topical term or geographic name entry element Բռնցքամարտ
700 1# - ADDED ENTRY--PERSONAL NAME
Personal name Ծառուկյան, Անդրանիկ Թորոսի,
Dates associated with a name 1913-1989
Relator term առաջաբ.
Relationship aui
9 (RLIN) 1536
942 ## - ADDED ENTRY ELEMENTS (KOHA)
Source of classification or shelving scheme Universal Decimal Classification
Koha item type Գրքեր / Books
Holdings
Withdrawn status Lost status Damaged status Not for loan Collection Home library Current library Date acquired Shelving control number Total checkouts Full call number Barcode Date last seen Price effective from Koha item type Public note Source of classification or shelving scheme
        General Fundamental Scientific Library Fundamental Scientific Library 28/12/2016     AII/31220 220031220 28/12/2016 28/12/2016 Գրքեր / Books 30 Days Loan  
        Postanjyan Individual Collection Fundamental Scientific Library Fundamental Scientific Library 20/03/2026     Պոսթ/249 FL0704400 20/03/2026 20/03/2026 Գրքեր / Books Չի սպասարկվում Universal Decimal Classification


ՀՀ ԳԱԱ հիմնարար գիտական գրադարան
ՀՀ,Երևան 0019
Մարշալ Բաղրամյան 24/6
հեռախոս:(374-10) 52-47-50
Հետադարձ կապ

All site content, except where otherwise noted, is licensed under a
Creative Commons License